Sondeo telefónico de opinión pública sobre el TLC
Guardado en:
| Autor Corporativo: | |
|---|---|
| Formato: | Texto |
| Publicado: |
San José:
UCR. FCS. IIS
|
| Materias: | |
| Etiquetas: |
Agregar Etiqueta
Sin Etiquetas, Sea el primero en etiquetar este registro!
|
MARC
| LEADER | 00000 a a2200000 04500 | ||
|---|---|---|---|
| 001 | 32322 | ||
| 003 | |||
| 040 | |a CRAI/IIS |c CRAI/IIS | ||
| 090 | |a 201800 | ||
| 110 | |a Universidad de Costa Rica. Facultad de Ciencias Sociales. Instituto de Investigaciones Sociales | ||
| 245 | |a Sondeo telefónico de opinión pública sobre el TLC | ||
| 260 | |a San José: |b UCR. FCS. IIS | ||
| 300 | |a 16 p. | ||
| 650 | |a TLC | ||
| 650 | |a ENCUESTAS | ||
| 650 | |a ENCUESTAS DE OPINION PUBLICA | ||
| 650 | |a IIS | ||
| 999 | |c 5244 |d 5244 | ||
